000 00638nam a2200229Ia 4500
999 _c36007
_d36007
001 1906
003 GE_BSU
005 20221010153924.0
008 181216s2006ru xx |||||||||||||| ||rus||
010 _a5222083608
022 _25222083608
040 _cGE_BSU
041 _arus
080 _a347.9 Б-28
100 _aБатяев,А.А.
_915200
245 _aСудитесь правилно /
_cА.А. Батяев.
264 _aРостов-На -Дону :
_bФеникс,
_c2006.
300 _a253 с.:
_b 20 см.
653 _aСудитесь правилно
653 _aსამართალი
942 _cBK
_2udc